Boy And Girl Songs - Statistics

General Stats
  • This quiz has been taken 20 times
  • The average score is 7 of 15
Answer Stats
Hint Answer % Correct
Girls Just Wanna Have Fun - 1984 Cyndi Lauper
100%
I Kissed A Girl - 2008 Katy Perry
100%
If I Were A Boy - 2008 Beyonce
67%
Waiting For A Girl Like You - 1981 Foreigner
67%
The Girl is Mine - 1982 Michael Jackson and Paul McCartney
67%
Smalltown Boy - 1984 Bronski Beat
50%
Boys Keep Swinging - 1979 David Bowie
50%
The Most Beautiful Girl In The World - 1992 Prince
50%
Tarzan Boy - 1985 Baltimora
33%
My Girl Lollipop - 1982 Bad Manners
17%
Girl I'm Gonna Miss You - 1991 Milli Vanilli
17%
Boys (Summertime Love) - 1987 Sabrina
17%
Girl Don't Come - 1965 Sandie Shaw
17%
Strange Little Girl - 1982 The Stranglers
17%
Boy From Nowhere - 1987 Tom Jones
17%
No matching quizzes found
Score Distribution
Percent of People with Each Score
Percentile by Number Answered
Your Score History
You have not taken this quiz